Statistics for Football Movies

Click here to take the quiz!

General Stats

  • This quiz has been taken 1,373 times
  • The average score is 10 of 18

Answer Stats

Clue Movie % Correct
Affluent white family adopts a poor black teen and teaches him footballThe Blind Side
87%
Diminutive young man achieves his dream of playing for Notre DameRudy
83%
Prison inmates play football against the guardsThe Longest Yard
80%
Odessa Texas football drama that spawned a TV showFriday Night Lights
78%
Gatorade-hating equipment manager becomes a feared linebackerThe Waterboy
76%
Virginia high school team battles racism to achieve a perfect seasonRemember the Titans
71%
College team must rebuild after a plane crash in 1970We Are Marshall
68%
"Show Me the Money!"Jerry Maguire
63%
Substitute players step in during a player's strikeThe Replacements
63%
Football coach reaches out to an Intellectually disabled manRadio
56%
Misfit peewee footballers take on the big tough local teamThe Little Giants
55%
30 year old bartender joins the Eagles during open tryouts in 1976Invincible
49%
Gayle Sayers helps Brian Piccolo in his battle with terminal cancerBrian's Song
48%
Third string QB becomes a star and can't handle the successAny Given Sunday
45%
Female coach takes over an inner city football programWildcats
26%
Biopic about the first black man to win the HeismanThe Express
21%
Star QB and aging WR do drugs and party during the 70sNorth Dallas Forty
17%
"Win one for the Gipper"Knute Rockne All American
16%

Score Distribution

Percentile by Number Answered

Percent of People with Each Score

Your Score History

You have not taken this quiz